Пропуск в контексте
VuFind
Язык
English
Deutsch
Español
Français
Italiano
日本語
Nederlands
Português
Português (Brasil)
中文(简体)
中文(繁體)
Türkçe
עברית
Gaeilge
Cymraeg
Ελληνικά
Català
Euskara
Русский
Čeština
Suomi
Svenska
polski
Dansk
slovenščina
اللغة العربية
বাংলা
Galego
Tiếng Việt
Hrvatski
हिंदी
Все поля
Заглавие
Автор
Предмет
Шифр
ISBN/ISSN
Метка
Найти
Расширенный поиск
Поиск
Madya pranth aur basar
Цитировать
Отправить на Email
Печать
Запись для экспорта
Экспорт в RefWorks
Экспорт в EndNoteWeb
Экспорт в EndNote
permanent_link
Загрузка...
Madya pranth aur basar
Фонды
Описание
Схожие документы
Marc-запись
LEADER
00161 a2200097 4500
020
260
942
|c
BK
|6
_
245
|a
Madya pranth aur basar
100
999
|c
66290
|d
66290
Схожие документы
Madya Nirodhanam /
по: Gandhiji
Опубликовано: (1989)
Madya puraanam
по: Narayana Pillai, M P
Опубликовано: (2002)
Madya puraanam /
по: Narayana Pillai, M. P.
Опубликовано: (2002)
Madya Pradesh /
по: Rajendra Avasthi
Опубликовано: (1971)
Samyukth pranth maim krishak samsyayem aur congress (1920-1939)
по: Aparna
Опубликовано: (2010)
Загрузка...